Вигнанець і навчена відьма (Запис № 17561)
[ простий вигляд ]
| 000 -Маркер запису | |
|---|---|
| Контрольне поле сталої довжини | 01955nam a22002657a 4500 |
| 003 - Належність контрольного номера | |
| Контрольне поле | Uzh_bibl |
| 008 - Кодовані дані | |
| Контрольне поле сталої довжини | 260429b |||||||| |||| 00| 0 ukr d |
| 020 ## - Індекс ISBN | |
| ISBN | 978-966-942-956-8 |
| Ціна | 200.00 |
| 040 ## - Джерело каталогіз. | |
| Код мови каталог. | укр. |
| 041 ## - Код мови видання | |
| Код мови оригіналу | українська |
| Код мови тексту | українська |
| 080 ## - Індекс УДК | |
| Індекс УДК | 821(477) |
| 090 ## - Шифри | |
| Поличний індекс | 821(477) |
| Авторський знак | К 59 |
| 100 ## - Автор | |
| Автор | Кокотюха , Андрій |
| 245 ## - Назва | |
| Назва | Вигнанець і навчена відьма |
| Відповідальність | обкл. О. Скворчинської |
| Фізичний носій | Текст |
| 260 ## - Вихідні дані | |
| Місце видання | Харків |
| Видавництво | Віват |
| Дата видання | 2019 |
| 300 ## - Фізичний опис | |
| Обсяг | 304 с. |
| Тип одиниці | В опр. |
| 490 ## - Серія | |
| Назва серії | Серія "Художня література" |
| 520 ## - Анотація | |
| Анотація | Літо 1911 року. Колишній київський слідчий, а тепер вигнанець Платон Чечель виконує в Полтаві делікатне доручення. Але його затримує в місті ще одна історія — не кримінальна, а містична. У краї діється щось дивне. Псується погода, масово мре худоба, молоду місцеву поміщицю звинувачено у відьомстві, а за всім цим криються старі чужі сімейні гріхи — кривава розплата за які невідворотна. Які ж чорти ховаються в заболоченому кутку Полтавщини? Чому господарі посміхаються й водночас гострять на чужинців ножі? Встановити істину для Платона — справа честі. І виживання… |
| 521 ## - Примітка про цільове призначення | |
| Примітка про цільове призначення | Для широкого кола читачів |
| 546 ## - Примітка про мову | |
| Примітка про мову | укр. |
| 650 ## - Тематичні рубрики | |
| Основна рубрика | Літературно-художнє видання |
| 653 ## - Ключові слова | |
| Ключові слова | Містика |
| -- | Відьма |
| -- | Слідчий |
| 655 ## - Термін індексування — жанр/форма | |
| Жанр/форма | Детектив |
| Типове ділення | Роман |
| Хронологічне ділення | 1911 |
| Географічне діленння | Полтава |
| 942 ## - ADDED ENTRY ELEMENTS (KOHA) | |
| Джерело класифікації чи схема поличного розташування | |
| Koha item type | Книги |
| Статус вилучення | Статус втрати/відсутності | Джерело класифікації чи схема поличного розташування | Статус пошкодження | Тип обігу (не для випозичання) | Постійне розташування | Поточне розташування | Розташування у відділі | Дата надходження | Інвентарний номер | Total Checkouts | Повний (примірниковий) шифр зберігання | Штрих-код | Date last seen | Дата, для якої чинна ціна заміни | Тип одиниці (рівень примірника) |
|---|---|---|---|---|---|---|---|---|---|---|---|---|---|---|---|
| Бібліотека-філія №3 | Бібліотека-філія №3 | Абонемент старший відділ | 29/04/2026 | 73298 | 821(477) | 4157 | 29/04/2026 | 29/04/2026 | Книги |